000 00399nam a2200133Ia 4500
008 231017s9999 xx 000 0 und d
082 _a624.17
082 _bBSI
245 0 _a"Structural Design of Low-Rise Buildings: Part1: Code of Practice for Stability, site Investigation, Foundations and Ground Floor Slabs for Housing"
245 0 _cBSI
260 _bBSI
300 _c30cm
942 _cREP
999 _c603850
_d603850